Kliochinol - ligand nových komplexov paládia s protinádorovým účinkom

Na minha lista:
Detalhes bibliográficos
Autor principal: Balašková, Tatiana (Author)
Outros Autores: Paulíková, Helena (Thesis advisor)
Formato: Manuscrito Livro
Idioma:eslovaco
Publicado em: 2016
Assuntos:
Acesso em linha:http://is.stuba.sk/zp/portal_zp.pl?podrobnosti=109501
Tags: Adicionar Tag
Sem tags, seja o primeiro a adicionar uma tag!

MARC

LEADER 00000ntm a22000003a 4500
001 stuzp58575
003 SK-STU
005 20160719155615.8
007 ta
008 150427s2015----xo-----f-mn---000-0-slo-d
040 |a STU  |b slo 
041 0 |a slo 
100 1 |a Balašková, Tatiana  |u 043000  |4 aut  |U FCHPT Fakulta chemickej a potravinárskej technológie  |T FCHPT Ústav biochémie a mikrobiológie  |X 63627  |U C3000  |Y 101  |7 63627 
242 0 1 |a Clioquinol - Ligand of Novel Pd-Complexes with Anticancer Effect  |y eng 
245 1 0 |a Kliochinol - ligand nových komplexov paládia s protinádorovým účinkom 
260 |c 2016 
650 4 |a kliochinol  |2 slo 
650 4 |a cytotoxicita  |2 slo 
650 4 |a metalokomplexy  |2 slo 
650 4 |a paládium  |2 slo 
650 4 |a clioquinol  |2 eng 
650 4 |a cytotoxicity  |2 eng 
650 4 |a palladium  |2 eng 
650 4 |a metal complexes  |2 eng 
700 1 |a Paulíková, Helena  |u 043000  |k Z1  |4 ths  |U FCHPT Fakulta chemickej a potravinárskej technológie  |T FCHPT Ústav biochémie a mikrobiológie  |X 3915  |U C3000  |Y 101  |7 A000003915 
856 4 |u http://is.stuba.sk/zp/portal_zp.pl?podrobnosti=109501 
SQL |a stuzp58575  |b DBP  |c SLO  |d Kliochinol - ligand nových komplexov paládia s protinádorovým účinkom  |e 63627  |f Balašková, Tatiana  |g 043000  |h 3915  |i Paulíková, Helena  |j 20160712  |k 752  |l 04  |m http://is.stuba.sk/zp/portal_zp.pl?podrobnosti=109501  |n B-BIOPOT  |o 5.2.25. biotechnológie